| 000 | 00536nam a2200157 a 4500 | ||
|---|---|---|---|
| 001 | 000043368 | ||
| 005 | 20201002040843.0 | ||
| 008 | 140311s1984 sp 000 0 spa d | ||
| 020 | _a842063140X | ||
| 040 |
_aDO-SdBNP _bspa _cBNPHU |
||
| 245 | 1 | 0 |
_aCuentos africanos 1 / _cDoris Lessing ; traducción de José Luis López Muñoz. |
| 260 |
_aMadrid : _bAlianza Tres, _c1984. |
||
| 300 |
_a326 p. ; _c21 cm. |
||
| 500 | _aIncluye referencias bibliográficas y notas al pie de las páginas | ||
| 700 | 1 |
_aLópez Muñoz, José Luis _etr. _911064 |
|
| 999 |
_c42857 _d42857 |
||